000 00604nam a2200181Ia 4500
003 GCL
008 140319s9999 xx 000 0 ara d
040 _aGCL /
_cGCL
082 0 4 _a812.008
_bع ا
100 1 _aعلى الراعى
245 1 0 _aاسماعيل عاصم : حسن العواقب , هناء المحبين , صرف الاخاء /
_cعلى الراعى
300 _a184 ص
490 _aتراث المسرح المصرى
_v0
650 0 4 _aالمسرح العربى
650 0 4 _aمسرحيات عربية
650 0 4 _aالمسرح العربى - تاريخ ونقد
942 _2ddc
_cBK
999 _c46188
_d46188